00602 a2200157 4500245006200000020002500062250001800087700001900105650001500124005001700139260003200156084002000188300008000208500014100288999001500429 a31 ways to change the worldb : we are what we dohprint a9780763645069 (pbk.) a1st U.S. ed.. aTaylor, Tanis. aliterature20191017173118.0 amaubCandlewick Pressc2010 aHM831 .T14 2010 a67 p. : ill. (chiefly col.) b 23 cm.c67 p. : ill. (chiefly col.) ; 23 cm. aproduced by Nick Stanhope ; art direction and design by New Future Graphic ; writtten by Tanis Taylor and 4,386 children (more or less). c9813d9813